Digital Signal Processing/ (Record no. 213183)

MARC details
000 -LEADER
fixed length control field 00736nam a22002177a 4500
005 - DATE AND TIME OF LATEST TRANSACTION
control field 20250827124749.0
010 ## - LCCN (DPL NO)
LC control number ENG-146549
020 ## - INTERNATIONAL STANDARD BOOK NUMBER
International Standard Book Number 9789367134672
Terms of availability 1040.00
035 ## - SYSTEM CONTROL NUMBER
System control number EN-130081
037 ## - SOURCE OF ACQUISITION
Source of stock number/acquisition DBAD
082 ## - DEWEY DECIMAL CLASSIFICATION NUMBER
Classification number 621.3822
Edition number 5
100 ## - MAIN ENTRY--PERSONAL NAME
Personal name Proakis, John G.
245 ## - TITLE STATEMENT
Title Digital Signal Processing/
Statement of responsibility, etc John G. Proakis [and] Dimitris G Manolakis)
250 ## - EDITION STATEMENT
Edition statement 5
260 ## - PUBLICATION, DISTRIBUTION, ETC. (IMPRINT)
Place of publication, distribution, etc Noida
Name of publisher, distributor, etc Pearson India Education
Date of publication, distribution, etc 2025
270 ## - ADDRESS
Address 15th Floor, Towe-B, World Trade Tower, Plot No.1, Block-C, Sector-16
City Noida
Postal code 201301
300 ## - PHYSICAL DESCRIPTION
Extent xxi. 1146p.
Dimensions 23cm(pb)
500 ## - GENERAL NOTE
General note Principles, Algorithms and Applications
700 ## - ADDED ENTRY--PERSONAL NAME
Personal name Manolakis), Dimitris G
Relator term Author
9 (RLIN) 84397
942 ## - ADDED ENTRY ELEMENTS (KOHA)
Source of classification or shelving scheme Dewey Decimal Classification
Item type English Books
Classification part 621.3822
Call number suffix PRO
Holdings
Withdrawn status Lost status Not for loan Collection code Home library Current library Date acquired Source of acquisition Cost, normal purchase price Full call number Barcode Copy number Cost, replacement price Koha item type
      Non-fiction Central Library Central Library 27/08/2025 Delivery of Books Act Division 1040.00 621.3822 PRO EN-130081 1 1040.00 English Books

© Delhi Public Library
Hit Counter
free hit counter